[Event "NLD-chT9697"]
[Site "Holland"]
[Date "1996.??.??"]
[Round "?"]
[White "Brenninkmeijer, Joris"]
[Black "Van de Mortel, Jan"]
[Result "1-0"]
[WhiteElo "2490"]
[BlackElo "2315"]

1.d4 Nf6 2.c4 g6 3.Nc3 Bg7 4.e4 d6 5.Nf3 O-O 6.Be2 e5 7.Be3 exd4 8.Nxd4 Re8
9.f3 c6 10.Bf2 Nh5 11.Qd2 Na6 12.O-O Nc7 13.Rfd1 Qf6 14.g3 Bf8 15.Be3 Qe7
16.Nc2 f5 17.Bg5 Qf7 18.exf5 Bxf5 19.Nd4 Ne6 20.g4 Nxd4 21.Qxd4 h6 22.Bc1 Bc2
23.gxh5 Bxd1 24.Qxd1 g5 25.Ne4 d5 26.cxd5 cxd5 27.Ng3 Rad8 28.Kg2 Bd6 29.Qd3 Bf4
30.Bd2 Qf6 31.Rb1 Qe6 32.Bd1 Qf6 33.Bc2 Re7 34.Bb4 Rf7 35.Re1 g4 36.fxg4 Bxg3
37.hxg3 Rc8 38.Qg6+ Qxg6 39.Bxg6 Rfc7 40.Bc3 Rxc3 41.bxc3  1-0

[Event "NLD-chT9697"]
[Site "Holland"]
[Date "1996.??.??"]
[Round "?"]
[White "De Boer, Sybolt"]
[Black "De Saegher, Chris"]
[Result "1/2-1/2"]
[WhiteElo "2250"]
[BlackElo "2205"]

1.d4 Nf6 2.c4 g6 3.Nc3 Bg7 4.e4 d6 5.Be2 O-O 6.Nf3 e5 7.O-O exd4 8.Nxd4 Re8
9.f3 Nc6 10.Nc2 Nh5 11.g4 Be5 12.gxh5 Bxh2+ 13.Kxh2 Qh4+ 14.Kg1 Qg3+ 15.Kh1 Qh3+
16.Kg1 Qg3+ 17.Kh1  1/2-1/2

[Event "NLD-chT9697"]
[Site "Holland"]
[Date "1996.??.??"]
[Round "?"]
[White "Ernst, Sipke"]
[Black "Bosboom, Manuel"]
[Result "0-1"]
[WhiteElo "2240"]
[BlackElo "2425"]

1.d4 Nf6 2.Nf3 g6 3.c4 Bg7 4.Nc3 O-O 5.e4 d6 6.Be2 e5 7.O-O Na6 8.Re1 exd4
9.Nxd4 Re8 10.Bf1 c6 11.f3 Nc5 12.Be3 a5 13.Qc2 Nfd7 14.Rad1 a4 15.Nde2 Qa5
16.Rxd6 Ne5 17.b3 axb3 18.axb3 Qa3 19.Rdd1 Nxb3 20.Nd4 Nxd4 21.Bxd4 Be6 22.Nb1 Qb4
23.Nd2 Ra3 24.Rb1 Qa5 25.Rxb7 Nd3 26.Bxd3 Bxd4+ 27.Kh1 Ra2  0-1

[Event "NLD-chT9697"]
[Site "Holland"]
[Date "1996.??.??"]
[Round "?"]
[White "Lacrosse, Marc"]
[Black "Gelpke, Peter"]
[Result "0-1"]
[WhiteElo "2220"]
[BlackElo "2425"]

1.d4 Nf6 2.c4 g6 3.Nc3 Bg7 4.e4 d6 5.Nf3 O-O 6.Be2 Nbd7 7.O-O e5 8.Re1 a5
9.Bf1 Re8 10.Rb1 c6 11.d5 Nc5 12.Nd2 Nfd7 13.b3 f5 14.a3 Nf6 15.f3 cxd5 16.cxd5 Bd7
17.Kh1 Rf8 18.Nc4 fxe4 19.Nxd6 exf3 20.gxf3 Nh5 21.Nde4 Nxe4 22.Nxe4 Nf4
23.Be3 Bf5 24.Bxf4 exf4 25.Qd2 Qh4 26.Rbd1 Kh8 27.Nc5 Rfc8 28.Ne6 Bc3 29.Qe2 Qf6
30.Nxf4 Bxe1 31.Qxe1 Bc2 32.Ng2 Bxd1 33.Qxd1 Rf8 34.Be2 Rae8 35.Kg1 Rxe2
36.Qxe2 Qxf3 37.Qe5+ Qf6 38.Qe2 Qd4+ 39.Kh1 Qa1+ 40.Ne1 Rd8 41.Kg2 Qd4 42.Nf3 Qxd5
43.Qe7 Kg8  0-1

[Event "Hrabyne op"]
[Site "Hrabyne"]
[Date "1996.??.??"]
[Round "5"]
[White "Stransky, Lubomir"]
[Black "Dolezal, V."]
[Result "1/2-1/2"]
[WhiteElo "2085"]
[BlackElo "1945"]

1.d4 Nf6 2.c4 g6 3.Nc3 Bg7 4.Nf3 O-O 5.e4 d6 6.Be2 e5 7.d5 Nbd7 8.h3 Nh5
9.Bg5 f6 10.Be3 Nf4 11.Rh2 Nxe2 12.Qxe2 a6 13.O-O-O Nb6 14.Nd2 Bd7 15.Kb1 Na4
16.Rc1 Nxc3+ 17.Rxc3 f5 18.f3 c5 19.Rh1 b5  1/2-1/2

[Event "HUN-chT1 9596"]
[Site "HUN"]
[Date "1996.??.??"]
[Round "7"]
[White "Kovacs, Elod"]
[Black "Pesztericz, Laszlo"]
[Result "1-0"]
[WhiteElo "2245"]
[BlackElo "2125"]

1.d4 Nf6 2.c4 g6 3.Nc3 Bg7 4.e4 d6 5.Be2 O-O 6.Nf3 e5 7.d5 Nbd7 8.Bg5 h6
9.Bh4 a5 10.Nd2 Nc5 11.b3 c6 12.g4 Bd7 13.Rc1 Qe8 14.O-O Nh7 15.a3 f5 16.f3 Bf6
17.Bxf6 Nxf6 18.Kh1 Qe7 19.b4 axb4 20.axb4 Na6 21.Rb1 c5 22.b5 Nb4 23.exf5 gxf5
24.Rg1 Kh7 25.Qe1 Nc2 26.Qh4 Nxd5 27.g5 Nf4 28.Qxh6+ Kg8 29.Nd5 Nxd5 30.cxd5 Nd4
31.Bd3 Ra3 32.Bc4 Nxf3 33.Nxf3 Rxf3 34.Qg6+ Qg7 35.Qxd6 e4 36.Qxc5 Kh8 37.Ra1 f4
38.d6 Rh3 39.Ra3 Rxa3 40.Qxa3 Rg8 41.Bxg8 Qxg8 42.Qc3+ Qg7 43.Rc1 Qxc3 44.Rxc3 e3
45.Kg2 Bg4 46.h3 f3+ 47.Kg3 f2 48.Rc1 Bxh3 49.Kf3 Bd7 50.Kxe3 Bxb5 51.Kxf2 Kg8
52.Rc7 Kf8 53.Rxb7  1-0

[Event "HUN-chT1 9596"]
[Site "HUN"]
[Date "1996.??.??"]
[Round "10"]
[White "Marosi, Gyorgy"]
[Black "Forgacs, Attila"]
[Result "1/2-1/2"]
[WhiteElo "2280"]
[BlackElo "2155"]

1.Nf3 Nf6 2.c4 g6 3.Nc3 Bg7 4.e4 d6 5.d4 O-O 6.Be2 e5 7.dxe5 dxe5 8.Qxd8 Rxd8
9.Bg5 c6 10.Nxe5 Re8 11.f4 Na6 12.O-O Nc5 13.Bf3 Nh5 14.Bxh5 gxh5 15.Bh4 f6
16.Nf3 Nxe4 17.Nxe4 Rxe4 18.Rae1 Bf5 19.Rxe4 Bxe4 20.Nd2 Bd3 21.Rf3 Rd8 22.Kf2 Bf5
23.Ke1 Re8+ 24.Kf2 Kf7 25.Re3 Rd8 26.Nf3 Bf8 27.Ke2 Rd7 28.Bf2 Be6 29.Re4 b5
30.cxb5 cxb5 31.b3 Bf5 32.Rd4 Rc7 33.Rd5 Rc2+ 34.Rd2 Rc7 35.Rd5 Rc2+ 36.Rd2 Rc7  1/2-1/2

[Event "HUN-chT1 9596"]
[Site "HUN"]
[Date "1996.??.??"]
[Round "11"]
[White "Csiszar, Csaba"]
[Black "Sinkovics, Peter"]
[Result "0-1"]
[WhiteElo "2380"]
[BlackElo "2410"]

1.d4 Nf6 2.c4 g6 3.Nc3 Bg7 4.e4 d6 5.Nf3 O-O 6.Be2 e5 7.Be3 Ng4 8.Bg5 f6
9.Bh4 Nc6 10.d5 Ne7 11.Nd2 Nh6 12.f3 g5 13.Bf2 f5 14.c5 Ng6 15.g3 g4 16.fxg4 Nxg4
17.Bxg4 fxg4 18.O-O b6 19.cxd6 cxd6 20.Be3 Bd7 21.Qe2 Qe7 22.Nc4 Rxf1+ 23.Rxf1 Rf8
24.Rxf8+ Qxf8 25.Bd2 Nh8 26.a4 Bh6 27.Nb5 Bxd2 28.Nxd2 a6 29.Nc3 b5 30.axb5 axb5
31.Nf1 Qc8 32.Kg2 Qc5 33.Ne3 h5 34.Ncd1 Nf7 35.Nc2 b4 36.Qd2 Ba4 37.Nce3 Qd4
38.Qf2 Qxe4+ 39.Kg1 Bxd1 40.Nxd1 Ng5  0-1

[Event "HUN-chT1 9697"]
[Site "Hungary"]
[Date "1996.??.??"]
[Round "2"]
[White "Schneider, Attila"]
[Black "Orso, Miklos"]
[Result "1/2-1/2"]
[WhiteElo "2380"]
[BlackElo "2410"]

1.d4 Nf6 2.Nf3 g6 3.c4 Bg7 4.Nc3 O-O 5.e4 d6 6.Be2 e5 7.dxe5 dxe5 8.Qxd8 Rxd8
9.Bg5 Nbd7 10.O-O-O Rf8 11.Ne1  1/2-1/2

[Event "HUN-chT1 9697"]
[Site "Hungary"]
[Date "1996.??.??"]
[Round "6"]
[White "Bernei, Andras"]
[Black "Besztercsenyi, Tibor"]
[Result "1/2-1/2"]
[WhiteElo "2295"]
[BlackElo "2310"]

1.Nf3 Nf6 2.c4 g6 3.Nc3 Bg7 4.e4 d6 5.d4 O-O 6.Be2 Nbd7 7.O-O e5 8.Qc2 c6
9.Rd1 Re8 10.d5 c5 11.Rb1 Rf8 12.g3 Ne8 13.Bd3 Nb8 14.Nh4 Bf6 15.Ng2 Bg7
16.Nh4 Bf6 17.Ng2 Bg7 18.Nh4  1/2-1/2

[Event "Imperia op"]
[Site "Imperia"]
[Date "1996.??.??"]
[Round "2"]
[White "Tonon, Alessandro"]
[Black "Babula, Vlastimil"]
[Result "0-1"]
[WhiteElo "2105"]
[BlackElo "2350"]

1.d4 Nf6 2.c4 g6 3.Nc3 Bg7 4.e4 d6 5.Nf3 O-O 6.Be2 e5 7.d5 Nbd7 8.Bg5 h6
9.Bh4 a5 10.Nd2 Nc5 11.O-O Bd7 12.b3 g5 13.Bg3 c6 14.a3 Qb6 15.Kh1 cxd5 16.cxd5 Nfxe4
17.Ncxe4 Nxe4 18.Nxe4 f5 19.f3 fxe4 20.fxe4 Rxf1+ 21.Bxf1 Rc8 22.Qd3 Bf6
23.Be1 Kg7 24.Rb1 g4 25.Qd2 Bg5 26.Qxa5 Qe3 27.Qb4 Rf8 28.Bg3 Bf4 29.Qe1 Qa7
30.a4 Qc5 31.a5 Qc2 32.b4 Bd2 33.Qd1 Qxe4 34.Rb2 Bc3 35.Re2  0-1

[Event "Imperia op"]
[Site "Imperia"]
[Date "1996.??.??"]
[Round "5"]
[White "Patelli, Alessandro"]
[Black "Di Paolo, Raffaele"]
[Result "0-1"]
[WhiteElo "2240"]
[BlackElo "2285"]

1.Nf3 g6 2.d4 Bg7 3.c4 Nf6 4.Nc3 d6 5.e4 O-O 6.Be2 e5 7.d5 a5 8.Bg5 h6 9.Bh4 Na6
10.Nd2 Qe8 11.O-O Bd7 12.a3 a4 13.Rc1 Nc5 14.Kh1 Nh7 15.Nb5 Bxb5 16.cxb5 Bf6
17.Bxf6 Nxf6 18.Qc2 b6 19.Qc4 Qe7 20.Rc3 h5 21.g3 Kg7 22.f3 h4 23.Kg2 Rh8
24.f4 hxg3 25.Rxg3 exf4 26.Rxf4 Qe5 27.Rgf3 Qg5+ 28.Kf1 Rxh2 29.Ke1 Nfd7
30.Rxf7+ Kg8 31.Qc3 Ne5 32.Rg3 Qh4 33.Rxc7 Ncd3+ 34.Kd1 Qxg3  0-1

[Event "Isle of Man op"]
[Site "Isle of Man"]
[Date "1996.??.??"]
[Round "9"]
[White "Markov, Jurij"]
[Black "Hebden, Mark"]
[Result "0-1"]
[WhiteElo "2420"]
[BlackElo "2530"]

1.d4 Nf6 2.c4 g6 3.Nc3 Bg7 4.e4 d6 5.Nf3 O-O 6.Be2 e5 7.dxe5 dxe5 8.Qxd8 Rxd8
9.Bg5 Re8 10.Nd5 Nxd5 11.cxd5 c6 12.Bc4 cxd5 13.Bxd5 Nd7 14.Nd2 Nc5 15.Nc4 Be6
16.Nd6 Bxd5 17.exd5 Reb8 18.Ke2 Bf8 19.Nc4 b6 20.Rhd1 Nd7 21.Rac1 Re8 22.g4 h6
23.Be3 Nf6 24.f3 Rad8 25.d6 e4 26.Bf4 Re6 27.Rd4 b5 28.Na5 Bxd6 29.Rcd1 Bxf4
30.Rxd8+ Kg7 31.Nb3 exf3+ 32.Kxf3 Bxh2 33.Nc5 Re7 34.R8d2 Bc7 35.b4 Bb6 36.Rd6 Nh7
37.Ne4 Ng5+ 38.Nxg5 hxg5 39.R1d3 Re1 40.R6d5 Rf1+ 41.Kg3 f5 42.gxf5 gxf5
43.Rf3 Bc7+ 44.Kg2 Rxf3 45.Kxf3 g4+ 46.Kg2 Kf6 47.Rxb5 Be5 48.Rd5 f4 49.Rd8 Kf5
50.a4 f3+ 51.Kf1 g3 52.a5 Bf4 53.Rf8+ Ke4 54.Re8+ Kd4 55.Rd8+ Kc4 56.Re8 g2+
57.Kg1 Kd3  0-1

[Event "ISR-chT"]
[Site "Israel"]
[Date "1996.??.??"]
[Round "1"]
[White "Zoler, Dan"]
[Black "Peker, Oleg"]
[Result "1/2-1/2"]
[WhiteElo "2455"]
[BlackElo "2275"]

1.d4 Nf6 2.c4 g6 3.Nc3 Bg7 4.e4 d6 5.Nf3 O-O 6.Be2 e5 7.Be3 Ng4 8.Bg5 f6
9.Bh4 Nc6 10.d5 Ne7 11.Nd2 Nh6 12.f3 c6 13.Qc2 g5 14.Bf2 f5 15.h3 fxe4 16.fxe4 g4
17.h4 g3 18.Bxg3 Ng4 19.Qd3 Ng6 20.Bxg4 Bxg4 21.h5 Nf4 22.Bxf4 Rxf4 23.h6 Bf8
24.Qg3 Qg5 25.Ne2 Rf6 26.Nf3 Qg6 27.Rh4 Bd7  1/2-1/2

[Event "ISR-chT"]
[Site "Israel"]
[Date "1996.??.??"]
[Round "1"]
[White "Ravia, Mosi"]
[Black "Har Zvi, Ronen"]
[Result "1/2-1/2"]
[WhiteElo "2330"]
[BlackElo "2510"]

1.d4 Nf6 2.Nf3 g6 3.c4 Bg7 4.Nc3 O-O 5.e4 d6 6.Be2 Nbd7 7.O-O e5 8.Qc2 c6
9.Rd1 Qe7 10.Rb1 exd4 11.Nxd4 Re8 12.f3 Ne5 13.Bf1 a6 14.b3 b5 15.cxb5 axb5
16.Bg5 h6  1/2-1/2

[Event "ISR-chT"]
[Site "Israel"]
[Date "1996.??.??"]
[Round "2"]
[White "Peker, Oleg"]
[Black "Liberzon, Vladimir M"]
[Result "1-0"]
[WhiteElo "2275"]
[BlackElo "2435"]

1.d4 Nf6 2.c4 g6 3.Nc3 Bg7 4.e4 d6 5.Be2 Nbd7 6.Nf3 e5 7.O-O O-O 8.Qc2 c6
9.Rd1 Qe7 10.d5 c5 11.Bg5 h6 12.Bd2 Ne8 13.g3 f5 14.Nh4 Qf7 15.exf5 gxf5
16.f4 e4 17.Kh1 Ndf6 18.Rg1 h5 19.h3 Nh7 20.Raf1 Bd4 21.Rg2 Ng7 22.g4 hxg4
23.hxg4 fxg4 24.Nxe4 Rd8 25.Bxg4 Bxg4 26.Rxg4 Rd7 27.Rg6 Re8 28.f5 Qe7 29.Rg4 Nf6
30.Ng6 Qxe4+ 31.Rxe4 Rxe4 32.Rf4 Nxf5 33.Rxe4 Nxe4 34.Kg2 Rg7 35.Qxe4 Rxg6+
36.Kf3 Rf6 37.Kg2 Kf7 38.Bg5 Rg6 39.Qxf5+ Bf6 40.Qd7+ Kg8 41.Qe8+ Kg7 42.Qd7+ Kg8
43.Qxd6 Rxg5+ 44.Kf3  1-0

[Event "ISR-chT"]
[Site "Israel"]
[Date "1996.??.??"]
[Round "3"]
[White "Bykhovsky, Avigdor"]
[Black "Peker, Oleg"]
[Result "1/2-1/2"]
[WhiteElo "2405"]
[BlackElo "2275"]

1.d4 d6 2.Nf3 g6 3.c4 Bg7 4.Nc3 Nf6 5.e4 O-O 6.Be2 e5 7.d5 a5 8.Bg5 h6 9.Bh4 Na6
10.Nd2 Qe8 11.O-O Nh7 12.f3 h5 13.Kh1 Bh6 14.Nb5 Bd7 15.Nb1 f5 16.exf5 Bxf5
17.N1c3 Be3 18.Bd3 Qf7 19.Qe2 Bxd3 20.Qxd3 Bb6 21.Na4 Nc5 22.Nxc5 Bxc5 23.Nc3 g5
24.Be1 Qf5 25.Ne4 Bd4 26.Bf2 Bxf2 27.Nxf2  1/2-1/2

[Event "ISR-chT"]
[Site "Israel"]
[Date "1996.??.??"]
[Round "5"]
[White "Gofshtein, Leonid D"]
[Black "Sutovskij, Emil"]
[Result "0-1"]
[WhiteElo "2540"]
[BlackElo "2545"]

1.d4 Nf6 2.c4 g6 3.Nc3 Bg7 4.e4 d6 5.Nf3 O-O 6.Be2 Nbd7 7.O-O e5 8.Be3 c6
9.d5 c5 10.Ne1 Ne8 11.Nd3 f5 12.b4 cxb4 13.Nxb4 f4 14.Bd2 Nc5 15.Kh1 Nf6
16.f3 g5 17.Be1 a6 18.Nd3 Nxd3 19.Qxd3 Qe8 20.Rb1 g4 21.fxg4 Nxg4 22.Nd1 Rf6
23.Bf3 Rh6 24.h3 Nf6 25.Nf2 Qg6 26.Qe2 Kh8 27.Rb3 Bf8 28.Qb2 Nh5 29.Bxh5 Rxh5
30.c5 dxc5 31.Rb6 Bd6 32.Qe2 Bd7 33.Rxd6 Bb5 34.Qxb5 axb5 35.Rxg6 hxg6 36.Nd3 b6
37.Nxe5 b4 38.Nxg6+ Kh7 39.Nxf4 Re5 40.Ne6 Kg8 41.Bg3 Rxe4 42.Bc7 Rxa2 43.Rf8+ Kh7
44.Rb8 Re1+ 45.Kh2 b3 46.Nf8+ Kg7 47.d6 Ree2 48.Ne6+ Rxe6 49.d7 Rd2 50.Bxb6 Rxd7
51.Bxc5 Rd3 52.h4 Re4 53.Bf2 Rd2 54.Bg3 b2 55.h5 Kh6 56.Rb5 Rc2 57.Kh3 Re3
58.Kh2 Re4 59.Kh3 Rce2 60.Bd6 Rd4 61.Bf8+ Kh7 62.Rb7+ Kg8 63.h6 Rd7  0-1

[Event "ISR-chT"]
[Site "Israel"]
[Date "1996.??.??"]
[Round "7"]
[White "Psakhis, Lev"]
[Black "Sutovskij, Emil"]
[Result "1/2-1/2"]
[WhiteElo "2610"]
[BlackElo "2545"]

1.d4 Nf6 2.Nf3 g6 3.c4 Bg7 4.Nc3 O-O 5.e4 d6 6.Be2 Nbd7 7.O-O e5 8.Qc2 c6
9.Rd1 Qe7 10.d5 c5 11.Bg5 h6 12.Bh4 g5 13.Bg3 Nh5 14.Nd2 Ndf6 15.Nf1 Nf4
16.f3 h5 17.Ne3 Bh6 18.Bf2 Kh8 19.g4 Nh3+ 20.Kg2 Nxf2 21.Kxf2 Ng8 22.Kg1 Bg7
23.Bd3 Qf6 24.Rf1 Ne7 25.Ne2 Ng6 26.Ng3 h4 27.Ne2 Bd7 28.Nc3 Rfc8 29.Rf2 Bf8
30.Qd1 Be7 31.Bc2 Nf4 32.Kh1 Rcb8 33.Ba4 Bc8  1/2-1/2

[Event "Italy op"]
[Site "Italy"]
[Date "1996.??.??"]
[Round "4"]
[White "Laketic, Gojko"]
[Black "Saccone, Fabio"]
[Result "1/2-1/2"]
[WhiteElo "2465"]
[BlackElo "2175"]

1.d4 Nf6 2.c4 g6 3.Nc3 Bg7 4.e4 d6 5.Nf3 O-O 6.Be2 e5 7.d5 a5 8.Bg5 h6 9.Bh4 Na6
10.Nd2 Qe8 11.O-O Nh7 12.a3 Bd7 13.b3 h5 14.f3 Bh6 15.Rb1 Be3+ 16.Bf2 Bxf2+
17.Rxf2 Nc5 18.Qc2 Qe7 19.Kh1 f5 20.b4 axb4 21.axb4 Na4 22.exf5 Nxc3 23.Qxc3 Bxf5
24.Bd3 Ng5 25.Bxf5 Rxf5 26.Re2 Qf6 27.Ra1 Rxa1+ 28.Qxa1 Kg7 29.Qe1 Rf4 30.h4 Nf7
31.Ne4 Qe7 32.Kg1 g5 33.Qg3 Qd7  1/2-1/2

[Event "Jakarta"]
[Site "Jakarta"]
[Date "1996.??.??"]
[Round "?"]
[White "Mahmud, Syarif"]
[Black "Tkachiev, Vladislav"]
[Result "0-1"]
[WhiteElo "2365"]
[BlackElo "2620"]

1.d4 Nf6 2.c4 g6 3.Nc3 Bg7 4.e4 d6 5.Nf3 O-O 6.Be2 Na6 7.O-O e5 8.d5 Nh5
9.g3 Nf6 10.Ne1 Bh3 11.Ng2 Nc5 12.f3 a5 13.Be3 Nfd7 14.Qd2 f5 15.Rad1 b6
16.exf5 gxf5 17.Bh6 f4 18.Bxg7 Kxg7 19.Rf2 Qf6 20.Bf1 Kh8 21.Re1 Rg8 22.gxf4 exf4
23.Kh1 Raf8 24.Ne4 Nxe4 25.Rxe4 Qg5 26.Qd4+ Ne5 27.Rd2 Rg7 28.Qf2 Rfg8 29.Rdd4 h6
30.Ne1 Qh4  0-1

[Event "Jakarta"]
[Site "Jakarta"]
[Date "1996.??.??"]
[Round "?"]
[White "Barus, Cerdas"]
[Black "Tkachiev, Vladislav"]
[Result "0-1"]
[WhiteElo "2410"]
[BlackElo "2620"]

1.d4 Nf6 2.c4 g6 3.Nc3 Bg7 4.e4 d6 5.Be2 O-O 6.Nf3 Na6 7.O-O e5 8.Be3 Ng4
9.Bg5 Qe8 10.dxe5 dxe5 11.h3 Nf6 12.Be3 b6 13.Nd2 Nd7 14.Rb1 Nac5 15.b4 Ne6
16.Re1 Bb7 17.Nd5 c6 18.Nc3 f5 19.Nb3 Rd8 20.Bd2 Nf6 21.Bf3 f4 22.b5 cxb5
23.Nxb5 Ng5 24.Qc2 Qd7 25.Bb4 Nxf3+ 26.gxf3 Qxh3 27.Bxf8 Bxf8 28.Qe2 Bxe4
29.fxe4 f3 30.Qf1 Qg4+ 31.Kh1 Qh4+ 32.Kg1 Ng4  0-1

[Event "ISR-ch"]
[Site "Jerusalem"]
[Date "1996.??.??"]
[Round "1"]
[White "Zilberman, Yaacov"]
[Black "Mittelman, Gur"]
[Result "1/2-1/2"]
[WhiteElo "2525"]
[BlackElo "2375"]

1.d4 Nf6 2.Nf3 g6 3.c4 Bg7 4.Nc3 O-O 5.e4 d6 6.Be2 e5 7.d5 a5 8.Bg5 h6 9.Bh4 Na6
10.Nd2 Bd7 11.O-O Qb8 12.Re1 Nh7 13.Rb1 h5 14.f3 Bh6 15.Bf2 f5 16.b3 Nf6
17.a3 Nc5 18.Qc2 Qd8 19.b4 axb4 20.axb4 Na4 21.Bd3 Nxc3 22.Qxc3 Bxd2 23.Qxd2 fxe4
24.Bxe4 Nxe4 25.fxe4 Kh7 26.Ra1 Rf4 27.Qe3 h4 28.c5 Rxa1 29.Rxa1 h3 30.g3 Rf7
31.Ra7 Qc8 32.Ra2 Bb5 33.Qg5 Kg7 34.Ra3 Qf8 35.Qe3 Qc8 36.Qg5  1/2-1/2

[Event "ISR-ch"]
[Site "Jerusalem"]
[Date "1996.??.??"]
[Round "2"]
[White "Mikhalevski, Victor"]
[Black "Maryasin, Boris"]
[Result "1-0"]
[WhiteElo "2500"]
[BlackElo "2400"]

1.d4 Nf6 2.c4 g6 3.Nc3 Bg7 4.e4 d6 5.Be2 O-O 6.Nf3 Na6 7.O-O e5 8.Be3 Ng4
9.Bg5 f6 10.Bh4 Nh6 11.dxe5 dxe5 12.Qxd8 Rxd8 13.Rfd1 Rf8 14.Nd2 c6 15.f3 Nc5
16.b4 Ne6 17.Nb3 f5 18.Bf2 fxe4 19.Nxe4 Nf5 20.c5 Ned4 21.Bc4+ Kh8 22.Nd6 b5
23.Nxd4 exd4 24.Bb3 a5 25.Nf7+ Rxf7 26.Bxf7 Ra7 27.Bb3 Bf6 28.a4 d3 29.axb5 Nd4
30.Rxa5 Rd7 31.Ra8 Nxb3 32.Rxc8+ Kg7 33.bxc6 Ra7 34.c7 d2 35.Rg8+ Kxg8 36.c8=Q+ Kg7
37.Be3  1-0

[Event "ISR-ch"]
[Site "Jerusalem"]
[Date "1996.??.??"]
[Round "7"]
[White "Nor, Igal"]
[Black "Kanstler, Boris"]
[Result "0-1"]
[WhiteElo "2295"]
[BlackElo "2445"]

1.d4 Nf6 2.c4 g6 3.Nc3 Bg7 4.e4 d6 5.Nf3 O-O 6.Be2 e5 7.d5 Nh5 8.g3 a5 9.h4 Na6
10.Nh2 Nf6 11.Be3 Nc5 12.Qc2 c6 13.g4 cxd5 14.cxd5 Bd7 15.Bxc5 dxc5 16.a4 Ne8
17.Nf1 Nd6 18.Ng3 c4 19.h5 Qg5 20.Rg1 Bh6 21.Qd1 Qf4 22.Bf3 Ra6 23.Qe2 Rb6
24.Nf1 Bg5 25.Ne3 Rb4 26.Rg3 Rb8 27.Qc2 Qf6 28.Be2 Bf4 29.Rg2 Qg5 30.Ncd1 Qh4
31.Rg1 c3 32.bxc3 Rxe4 33.Ng2 Qh3 34.Nxf4 exf4 35.Kd2 Rxe2+ 36.Kxe2 Nc4 37.Ne3 fxe3
38.Qe4 Re8 39.Qxc4 exf2+ 40.Kxf2 Qe3+ 41.Kg2 Re4 42.Qxe4 Qxe4+ 43.Kh2 Qe5+
44.Rg3 Qxd5 45.hxg6 hxg6 46.g5 Bc6  0-1

[Event "Karditsa"]
[Site "Karditsa"]
[Date "1996.??.??"]
[Round "6"]
[White "Nikolaidis, Ioannis"]
[Black "Agnos, Demetrios"]
[Result "1/2-1/2"]
[WhiteElo "2530"]
[BlackElo "2460"]

1.d4 Nf6 2.c4 g6 3.Nc3 Bg7 4.e4 d6 5.Nf3 O-O 6.Be2 e5 7.d5 a5 8.Be3 Ng4 9.Bg5 f6
10.Bh4 Na6 11.Nd2 h5 12.a3 Bd7 13.O-O  1/2-1/2

[Event "IND-ch"]
[Site "Kasaragod"]
[Date "1996.??.??"]
[Round "8"]
[White "Ravi, Lanka"]
[Black "Tilak, Sharad S"]
[Result "1-0"]
[WhiteElo "2390"]
[BlackElo "2385"]

1.Nf3 Nf6 2.c4 g6 3.Nc3 Bg7 4.e4 d6 5.d4 O-O 6.Be2 e5 7.d5 a5 8.Bg5 h6 9.Bh4 Na6
10.Nd2 Qe8 11.O-O Nh7 12.a3 Bd7 13.Kh1 h5 14.f3 a4 15.Nb5 Bh6 16.Nb1 Be3
17.Qxa4 g5 18.Qb3 Bb6 19.Bf2 Bxf2 20.Rxf2 f5 21.exf5 Bxf5 22.Nd2 Qg6 23.Raf1 Rf7
24.Qe3 Nc5 25.g4 Bc2 26.gxh5 Qf5 27.Rg1 Kh8 28.Rfg2 Rg8 29.Nc3 Qh3 30.Rg3 Qh4
31.b4 Nd7 32.Nce4 Rf4 33.Rg4 Qxh5 34.Rxf4 gxf4 35.Rxg8+ Kxg8 36.Qg1+ Kf7
37.c5 Nhf6 38.Nxf6 Nxf6 39.cxd6 cxd6 40.Qb6 Bb3 41.Qc7+ Kg6 42.Nxb3  1-0

[Event "JUG-ch sf"]
[Site "Kladovo"]
[Date "1996.??.??"]
[Round "?"]
[White "Arsovic, Zoran"]
[Black "Ristic, Nebojsa"]
[Result "1-0"]
[WhiteElo "2460"]
[BlackElo "2400"]

1.Nf3 Nf6 2.c4 g6 3.Nc3 Bg7 4.e4 d6 5.d4 O-O 6.Be2 e5 7.Be3 Ng4 8.Bg5 f6
9.Bh4 c6 10.O-O Na6 11.c5 exd4 12.Nxd4 dxc5 13.Qb3+ Kh8 14.Ne6 Bxe6 15.Qxe6 h5
16.Bxa6 bxa6 17.Qxc6 Qb8 18.Bg3 Qxb2 19.Nd5 Qb5 20.Qc7 Qc4 21.Rab1 Rac8 22.Qxa7 Qxe4
23.Rb7 Rg8 24.Ne7 Ra8 25.Qb6 Rge8 26.Qc7 Nh6 27.Nd5 Nf5 28.Nxf6 Qc4 29.Nxe8 Rxe8
30.Rb8 Rxb8 31.Qxb8+ Kh7 32.Be5 Qxa2 33.Qc7 Qc4 34.h3 Kh6 35.Bf4+ Kh7 36.Rc1 Qe4
37.f3 Qe2 38.Kh1 Nh4 39.Rg1 c4 40.Bg5 Nf5 41.Bf6 c3 42.Bxg7 Nxg7 43.Qxc3 Nf5
44.Qc7+ Kh6 45.Qf4+ Kh7  1-0

[Event "Koszalin op"]
[Site "Koszalin"]
[Date "1996.??.??"]
[Round "5"]
[White "Sher, Miron N"]
[Black "Kaminski, Marcin"]
[Result "1/2-1/2"]
[WhiteElo "2500"]
[BlackElo "2525"]

1.c4 g6 2.e4 Bg7 3.d4 d6 4.Nc3 Nf6 5.Be2 O-O 6.Nf3 e5 7.O-O exd4 8.Nxd4 Re8
9.f3 Nc6 10.Be3 Nh5 11.f4 Nf6 12.Bf3 Bg4 13.Nxc6 Bxf3 14.Qxf3 bxc6 15.Rae1 Qc8
16.h3 Nd7  1/2-1/2

[Event "Koszalin op"]
[Site "Koszalin"]
[Date "1996.??.??"]
[Round "6"]
[White "Krasenkow, Michal"]
[Black "McNab, Colin Anderson"]
[Result "1/2-1/2"]
[WhiteElo "2610"]
[BlackElo "2465"]

1.e4 g6 2.d4 d6 3.c4 Nd7 4.Nc3 e5 5.Nf3 Bg7 6.Be2 Ngf6 7.O-O O-O 8.Qc2 c6
9.Rd1 Qc7 10.Rb1 a6 11.b4 exd4 12.Nxd4 c5 13.bxc5 Nxc5 14.Bf4 Re8 15.f3 Nh5
16.Nd5 Qd8 17.Be3 Nf6 18.Nb6 Rb8 19.Nf5 gxf5 20.Bxc5 fxe4 21.Bxd6 Bf5 22.Bxb8 Qxb8
23.Nd5 exf3 24.Nxf6+ Bxf6 25.Qxf5 fxe2 26.Re1 Bd4+ 27.Kh1 Qe5 28.Qf3 Qe3
29.Qg4+ Kh8 30.Rxe2 Qxe2 31.Qxd4+ Qe5 32.Qf2 Kg7 33.h3 Re6 34.Rxb7 Qe1+ 35.Qxe1 Rxe1+
36.Kh2 Re2 37.Rb3 Rxa2 38.Rc3 Rd2 39.c5 Rd7 40.Kg3 Kf6 41.Kf4 a5 42.Ra3 Rd2
43.g4 Rc2 44.Rxa5 Rc3 45.g5+ Ke6 46.Kg4 f5+ 47.gxf6 Kxf6 48.h4 Rc4+ 49.Kh5 Kf5
50.c6+ Kf6 51.Ra6 Kf5 52.Rb6 Kf6 53.Ra6 Kf5 54.Rb6 Kf6 55.c7+ Kf5 56.Rb7 Kf6
57.Ra7 Kf5 58.Kh6 Rxh4+ 59.Kg7 Rc4 60.Kf7 Rc1 61.Ke7 h5 62.Kd6 Rd1+ 63.Ke7 Rc1
64.Kd7 h4 65.Ra4 Kg5  1/2-1/2

[Event "Krasnodar op"]
[Site "Krasnodar"]
[Date "1996.??.??"]
[Round "6"]
[White "Poluljahov, Aleksandr"]
[Black "Shchekachev, Andrei"]
[Result "1/2-1/2"]
[WhiteElo "2480"]
[BlackElo "2500"]

1.d4 Nf6 2.Nf3 g6 3.c4 Bg7 4.Nc3 O-O 5.e4 d6 6.Be2 e5 7.Be3 c6 8.d5 Na6 9.Nd2 Ne8
10.O-O f5 11.exf5 gxf5 12.f3  1/2-1/2

[Event "Kuala Lumpur schev"]
[Site "Kuala Lumpur"]
[Date "1996.??.??"]
[Round "10"]
[White "Ravi, Lanka"]
[Black "Mas, Hafizulhelmi"]
[Result "1/2-1/2"]
[WhiteElo "2390"]
[BlackElo "2290"]

1.d4 Nf6 2.c4 g6 3.Nc3 Bg7 4.e4 d6 5.Nf3 O-O 6.Be2 e5 7.d5 a5 8.Bg5 h6 9.Bh4 Na6
10.Nd2 Qe8 11.O-O Nh7 12.a3 Bd7 13.Kh1 h5 14.f3 Bh6 15.Qc2 Kh8 16.b3 f5 17.exf5 gxf5
18.Rae1 Qf7 19.Ndb1 Qg7 20.Bd1 Rg8 21.f4 e4 22.Bxh5 Bxf4 23.Rxf4 Qh6 24.Ne2 Qxh5
25.Bf2 Rg4 26.Bd4+ Kg8 27.Ba1 Rxf4 28.Nxf4 Qh6 29.Qc3 Kf7 30.Nd2 Rg8 31.Rf1 Nf6
32.Kg1 Re8 33.g3 Rg8 34.Qxf6+ Qxf6 35.Bxf6 Kxf6  1/2-1/2

[Event "Kuopio op"]
[Site "Kuopio"]
[Date "1996.??.??"]
[Round "2"]
[White "Jouhki, Yrjo Markus"]
[Black "Houtsonen, Pedri"]
[Result "1-0"]
[WhiteElo "2245"]
[BlackElo "2125"]

1.d4 Nf6 2.c4 g6 3.Nc3 Bg7 4.e4 d6 5.Nf3 O-O 6.Be2 e5 7.d5 a5 8.Bg5 h6 9.Bh4 Na6
10.Nd2 Qe8 11.a3 Bd7 12.b3 Nh7 13.Rb1 h5 14.f3 Bh6 15.Bf2 Qe7 16.b4 axb4
17.axb4 Qg5 18.Rg1 Qe7 19.Qc2 f5 20.Bd3 Kh8 21.Ke2 b6 22.Qb2 Nb8 23.c5 bxc5
24.bxc5 Bxd2 25.Qxd2 Bc8 26.c6 Ba6 27.Ra1 Kg7 28.Rgb1 fxe4 29.Nxe4 g5 30.Bxa6 Nxa6
31.Be3 Kg6 32.Ng3 e4 33.Nxe4 Qe5 34.Nf2 Nc5 35.Rxa8 Rxa8 36.Kf1 Ra1 37.Qc2+ Kg7
38.Bxc5 dxc5 39.Rxa1 Qxa1+ 40.Ke2 Nf6 41.Qxc5 Qa2+ 42.Ke1 Nxd5 43.Qd4+ Kf7
44.Ne4 g4 45.fxg4 hxg4 46.Nd2 g3 47.hxg3 Qa5 48.g4 Nc3 49.Kf2 Nb5 50.Qd5+ Kg7
51.Ne4 Qa7+ 52.Kf3 Qa3+ 53.Kf4 Qc1+ 54.Ke5 Qb2+ 55.Ke6 Qe2 56.Qe5+ Kg6 57.Qg5+ Kh7
58.Kf7 Qc4+ 59.Kf8 Qb4+ 60.Nc5 Qc3 61.Qh5+  1-0

[Event "La Coruna op"]
[Site "La Coruna"]
[Date "1996.??.??"]
[Round "?"]
[White "Damljanovic, Branko"]
[Black "Candela Perez, Jose"]
[Result "1-0"]
[WhiteElo "2470"]
[BlackElo "2365"]

1.Nf3 Nf6 2.c4 g6 3.Nc3 Bg7 4.e4 d6 5.d4 O-O 6.Be2 e5 7.d5 a5 8.Bg5 h6 9.Bh4 Na6
10.Nd2 Qe8 11.O-O Nh7 12.a3 Bd7 13.Qc2 h5 14.f3 Bh6 15.Kh1 f5 16.exf5 gxf5
17.g3 Nf6 18.Rae1 a4 19.b4 axb3 20.Nxb3 b6 21.f4 Qg6 22.fxe5 dxe5 23.Bxf6 Rxf6
24.Qd1 Be8 25.Bd3 e4 26.Bc2 Bf8 27.Qd4 Bg7 28.Qf2 Nb8 29.a4 c5 30.dxc6 Bxc6
31.Nd5 Bxd5 32.cxd5 Rxa4 33.Nd4 Ra2 34.Re2 Qg4 35.Nxf5 Qf3+ 36.Qxf3 exf3
37.Rxf3 Bf8 38.d6 Ra1+ 39.Kg2 Bxd6 40.Re8+ Rf8 41.Nxd6 Rxe8 42.Nxe8  1-0

[Event "La Coruna op"]
[Site "La Coruna"]
[Date "1996.??.??"]
[Round "?"]
[White "Nedobora, Mikhail"]
[Black "Fierro Baquero, Martha Lorena"]
[Result "1-0"]
[WhiteElo "2465"]
[BlackElo "2200"]

1.d4 g6 2.e4 Bg7 3.c4 d6 4.Nc3 Nf6 5.Be2 O-O 6.Nf3 e5 7.d5 a5 8.Bg5 h6 9.Bh4 Na6
10.O-O Qe8 11.Nd2 Nh7 12.a3 Bd7 13.Kh1 h5 14.f3 Bh6 15.b3 Nc5 16.Rb1 Kh8
17.Qc2 f5 18.b4 axb4 19.axb4 Na6 20.c5 Bxd2 21.Qxd2 f4 22.c6 bxc6 23.dxc6 Be6
24.Nd5 g5 25.Bf2 g4 26.b5 Bxd5 27.exd5 Nc5 28.Bxc5 dxc5 29.d6 g3 30.dxc7 Qe7
31.Qd7 Qh4 32.h3  1-0